00000000cam 2200000zi 4500
0019.961487
003CaOODSP
00520260514095227
006m     o  d f      
007cr cn|||||||||
008260330t20262025onc     o    f000 0 eng d
020 |a9780660993157
040 |aCaOODSP|beng|erda|cCaOODSP
043 |an-cn---
0861 |aFC5-104/2026E-PDF
24500|aUser experience research and usability testing of financial consumers : |bfinal report / |cprepared for Financial Consumer Agency of Canada.
264 1|a[Ottawa] : |bFinancial Consumer Agency of Canada = Agence de la consommation en matière financière du Canada, |cFebruary 2026.
264 4|c©2025
300 |a1 online resource (37 pages)
336 |atext|btxt|2rdacontent
337 |acomputer|bc|2rdamedia
338 |aonline resource|bcr|2rdacarrier
500 |aIssued also in French under title: Recherche sur l’expérience utilisateur et tests d’utilisabilité auprès des consommateurs de services financiers : rapport final.
500 |a"Supplier Name: Environics Research."
500 |a"Contract Number: 5R000-251268/001/CY."
500 |a"Registration Number: POR 028-25."
520 |a"FCAC’s goal is to help Canadians better understand and navigate financial information, leading to better informed decisions and improved financial outcomes"--Executive summary, page 4.
650 0|aFinance, Personal|zCanada|xPublic opinion.
650 0|aBanks and banking|zCanada|xPublic opinion.
650 0|aFinancial institutions|zCanada|xPublic opinion.
650 0|aPublic opinion|zCanada.
7102 |aFinancial Consumer Agency of Canada, |eissuing body.
7102 |aEnvironics Research Group, |econsultant.
77508|tRecherche sur l’expérience utilisateur et tests d’utilisabilité auprès des consommateurs de services financiers.|w(CaOODSP)9.961488
85640|qPDF|s767 KB|uhttps://publications.gc.ca/collections/collection_2026/acfc-fcac/FC5-104-2026-eng.pdf|zFinal report
8564 |qHTML|sN/A|uhttps://epe.lac-bac.gc.ca/100/200/301/pwgsc-tpsgc/por-ef/financial_consumer_agency/2026/028-25-e/028-25_EN_report.htm|zFinal report
8564 |qHTML|sN/A|uhttps://epe.lac-bac.gc.ca/100/200/301/pwgsc-tpsgc/por-ef/financial_consumer_agency/2026/028-25-e/index.html|zComplete dataset